| 000 | 01239cam a2200241 4500 | ||
|---|---|---|---|
| 001 | WB3733-18 | ||
| 008 | 010905n2001 000 0 eng u | ||
| 035 | _a(Sirsi) u114439 | ||
| 245 | _aAcquisition by tenants | ||
| 260 | _c2001 | ||
| 490 |
_aEstates Gazette Case Summaries _v[2001] 35 EG 104 (1/09/2001) |
||
| 520 | _aCA 31 July 2001. "Speedwell Estates Ltd and another v Dalziel and others", the applicant landlords S, were involved in three different actions, which concerned the same issue. The respondents D and others each held a house under a long lease at a low rent. The tenants claimed entitlement to acquire the freehold of their houses, under the Leasehold Reform Act 1967 part 1 as amended. S asserted that the tenants' notices failed to meet statutory requirements and sought declarations that the tenants were not entitled to acquire the freeholds. Application allowed. Appeals dismissed. | ||
| 590 | _aWB | ||
| 650 | _aFREEHOLDS | ||
| 650 | _aENTITLEMENT TO ACQUIRE | ||
| 650 | _aLEASEHOLD REFORM ACT 1967 PART 1 | ||
| 650 | _aNOTICES | ||
| 650 | _aSTATUTORY REQUIREMENTS | ||
| 650 | _aLOW RENTS | ||
| 650 | _aRATEABLE VALUES | ||
| 690 | _aLANDLORD AND TENANT-RESIDENTIAL TENANCIES-CASE LAW | ||
| 942 | _n0 | ||
| 999 |
_c68164 _d68164 |
||